State by Stereotype - Statistics

General Stats
  • This quiz has been taken 88 times
  • The average score is 12 of 15
Answer Stats
Hint Answer % Correct
Shotguns, Stallions, Everything Is Bigger There Texas
100%
Alligators, Theme Parks, Swamps Florida
97%
Pizza, Subways, Taxis New York
94%
Celebrities, Liberal, Perfect Weather California
93%
Expensive, Grass Huts, Hula Hawaii
90%
Peaches, Sweet Tea, College Football Georgia
89%
Cold, Crime, Have Pet Bears Alaska
85%
Cowboys, Cacti, Tumbleweeds Arizona
85%
Drug Dealing, Desert, Hot New Mexico
83%
Corn, Corn, and Corn... and a city that is not there Kansas
79%
Barren, Supervolcano, Bison Wyoming
73%
Racing, Corn, Malls Indiana
65%
Bad Drivers, Tornadoes, The Mob Illinois
63%
Rude, Uneducated, Prideful New Jersey
55%
Yankees, Racist, Rivers New Hampshire
34%
No matching quizzes found
Score Distribution
Percent of People with Each Score
Percentile by Number Answered
Your Score History
You have not taken this quiz